000 00730nam a2200229Ia 4500
003 OSt
005 20220923214956.0
006 a|||||r|||| 00| 0
007 ta
008 220922b |||||||| |||| 00| 0 hin d
024 _a174,433
037 _cTextual
040 _aARTS
_cARTS
_bhin
041 _2hin
_ahin
082 _aO152:9xM83, J8;1 (TTPH)
100 _aसिंह, रामलाल
_9156291
245 0 _aआचार्य शुक्ल के समीक्षा सिद्धान्त
246 _aĀchārya shukla ke samīkṣhā siddhānta
260 _c1958
942 _hO152:9xM83, J8;1 (TTPH)
_cTEXL
_2CC
999 _c328204
_d328204